| 000 | 00000nam##2200000za#4500 |
| 001 | 9.681499 |
| 003 | CaOODSP |
| 005 | 20200330071042 |
| 007 | ta |
| 008 | 150407|2001||||xxc||||| f|0| 0 fre|d |
| 020 | |a0-662-85830-1 |
| 040 | |aCaOODSP|bfre |
| 043 | |an-cn--- |
| 086 | 1 |aFA3-34/2001F |
| 110 | 1 |aCanada. |bBureau du vérificateur général. |
| 245 | 10|aRapport sur le cadre d'examen environnemental de la Société pour l'expansion des exportations |
| 260 | |aOttawa - Ontario : |bBureau du vérificateur général du Canada |c2001. |
| 300 | |a42p. ; |c28 cm. |
| 563 | |aCouverture souple |
| 590 | |a01-25|b2001-06-22 |
| 691 | 07|aGestion de l'environnement|2gcpds |
| 691 | 07|aVérification comptable|2gcpds |
| 775 | 08|tReport on the Export Development Corporation's environmental review framework |w(CaOODSP)9.648174 |
| 776 | 0#|tRapport sur le cadre d'examen environnemental de la Société pour l'expansion des exportations |w(CaOODSP)9.640056 |